[Event "FRA-ch Youth 2017"]
[Site "Belfort"]
[Date "2017.04.18"]
[Round "4"]
[White "Lamard, Guillaume"]
[Black "Bouvet, Florian"]
[Result "1-0"]
[WhiteElo "2307"]
[BlackElo "2183"]
[Annotator "TA"]
[PlyCount "63"]
[EventDate "2017.??.??"]
[EventCountry "FRA"]
[SourceTitle "playchess.com"]
[Source "ChessBase"]
[SourceQuality "1"]

{[%evp 18,63,43,31,42,33,40,43,37,44,62,50,79,64,131,131,131,133,125,114,118,142,147,141,144,145,127,130,199,191,194,199,181,193,199,199,189,147,187,206,195,147,200,191,289,266,29992,29993]} 1. c4 e5 2. g3 g6 3. Nc3 Bg7 4. Bg2 d6 5. Nf3 Ne7 6. O-O O-O 7. d4 exd4 8. Nxd4 Nbc6 {A21: English Opening: 1...e5 2 Nc3} 9. Nxc6 Nxc6 10. Bd2 {LiveBook: 10 Games} Re8 {White is slightly better.} 11. Re1 $146 (11. Rc1 h5 12. Bf4 h4 13. Qd2 h3 14. Bh1 Bg4 15. Rfe1 Qd7 16. Bh6 {½-½ (41) Aupi Royo,J (2328)-Alonso Gonzalez,C (2515) ICCF email 2009}) 11... a5 12. Rc1 Be6 13. b3 Qc8 14. Nd5 Nb4 15. a3 (15. Nxb4 $6 axb4 16. Bxb4 Rxa2 $11) 15... Bxd5 ({Black should try} 15... Nc6 $14) 16. cxd5 $16 Na6 17. Bxa5 Nc5 18. Bb4 {[%cal Ba5b4,Bb4c3,Bc3f6][%mdl 32]} Bb2 19. Rc2 Bxa3 20. Bc3 {Strongly threatening Qd4.} Ne4 21. Bxe4 $1 Rxe4 22. Qd3 Qe8 (22... f5 $16) 23. Ra1 $18 Ra6 24. Bf6 Bc5 25. Rxa6 bxa6 26. Qxa6 Rb4 27. Qd3 Qb8 28. Ra2 h5 29. Ba1 $40 {[%mdl 128] Black must now prevent e3. Black is in trouble.} h4 ({But not} 29... Rxb3 $2 30. Qxb3 $1 {[%mdl 512]} (30. Bc3 $2 Rxc3 31. Qxc3 Qb1+ 32. Kg2 Qxa2 $19) 30... Ba7 31. Qc3 Qb1+ 32. Kg2 Qe4+ 33. f3 $18) (29... Kh7 $16) 30. e3 h3 ({Don't take} 30... Rxb3 $2 31. Qxb3 Qf8 32. Qb7 $18) (30... Qb7 $142 31. Kg2 (31. Qc3 Bd4 32. exd4 Rxb3 $18) 31... Kf8) 31. Qf1 Qc8 $2 {[#]} (31... Rxb3 $18 32. Qxh3 Rb1+ 33. Kg2 Rxa1 34. Rxa1 Bxe3) 32. Qxh3 $1 {[%mdl 512]} 1-0

[Event "FRA-ch Youth 2017"]
[Site "Belfort"]
[Date "2017.04.18"]
[Round "4"]
[White "Philippe, Guillaume"]
[Black "Meunier, Clement"]
[Result "1-0"]
[WhiteElo "2307"]
[BlackElo "2240"]
[Annotator "TA"]
[PlyCount "83"]
[EventDate "2017.??.??"]
[EventCountry "FRA"]
[SourceTitle "playchess.com"]
[Source "ChessBase"]
[SourceQuality "1"]

{[%evp 18,83,3,-1,-13,-17,0,0,0,0,0,14,8,10,3,6,91,76,76,76,81,83,86,86,112,104,115,110,107,74,36,43,71,47,59,51,91,75,58,64,80,71,83,68,140,47,112,91,153,149,227,147,243,233,472,442,812,808,812,805,802,786,798,781,6016,6016,6016,5718]} 1. Nf3 Nf6 2. e3 g6 3. b4 Bg7 4. Bb2 d6 5. Be2 O-O 6. O-O {A05: Réti Opening: 1 Nf3 Nf6} (6. d4 Nbd7 7. O-O Re8 8. c4 e5 9. Nc3 e4 10. Nd2 h5 11. Rc1 Nf8 12. d5 N8h7 13. Re1 Bf5 14. Bf1 Ng4 15. h3 Qh4 16. g3 Qe7 17. hxg4 hxg4 {0-1 (48) Matlakov,M (2689)-Adhiban,B (2674) Berlin 2015}) 6... Nbd7 7. c4 a5 8. b5 e5 9. d3 Re8 10. Nbd2 {LiveBook: 3 Games} Nc5 11. a4 e4 $146 (11... b6 12. Nb3 Nxb3 13. Qxb3 Bb7 14. Nd2 Nd7 {½-½ (22) Donchenko,A (2375)-Scherer,H (2082) Dresden 2007}) 12. dxe4 Nfxe4 13. Bxg7 Kxg7 14. Nxe4 Nxe4 15. Nd4 f5 16. Bf3 Nc5 (16... Qf6 $11) 17. Nb3 Re5 18. Bd5 Qf6 19. Nxc5 dxc5 20. Qd2 Re8 21. Ra3 Rd8 {Strongly threatening ...c6.} 22. Rd3 $1 f4 23. Bf3 (23. exf4 Bf5 24. Rb3 c6 25. bxc6 bxc6 $17) 23... Bf5 24. Rxd8 Rxd8 25. Qxa5 b6 26. Qa7 fxe3 27. Qxc7+ Rd7 28. Qf4 exf2+ 29. Rxf2 Rd4 30. Qc1 Be6 {[#]} ({Black should try} 30... Qd6 $14) 31. Be2 (31. Bd5 $6 Qd8 $11) (31. a5 $1 $16 {[%cal Ra5a6][%mdl 512] Threatens to win with a6.} bxa5 32. Qa1 (32. Bd5 Qd8 $11)) 31... Qd8 (31... Qe5 $14) 32. Qc3 $36 {[%mdl 2048] White has strong initiative.} Kg8 ({Black should play} 32... Bf5) 33. Qe3 Bf5 (33... Bf7 $16 34. h3 Qd7) 34. h3 Re4 (34... Qd6 $16 {is a better defense.} 35. Qf3 (35. Qe8+ Kg7 $14) 35... Qb8) 35. Qg3 $18 Qd2 $2 (35... Bc8 36. Qb8 Re8) 36. Bf3 {White is clearly winning.} ({Weaker is} 36. Qb8+ Kg7 37. Bf1 (37. Qxb6 Rxe2 38. Rxe2 Qxe2 $11) 37... Qe3 38. Qxb6 Re7 $18) 36... Qe1+ (36... Re1+ $142 37. Kh2 Qc1 38. Bd5+ Kg7 39. Qc7+ Kh6) 37. Kh2 Re7 38. Bd5+ Kg7 39. a5 bxa5 40. b6 Bc8 {[#]} 41. Rf7+ $1 {[%mdl 512]} Kh8 (41... Rxf7 42. Qxe1) 42. Qxe1 1-0

[Event "FRA-ch Youth 2017"]
[Site "Belfort"]
[Date "2017.04.18"]
[Round "4"]
[White "Micottis, Dorian"]
[Black "Tahay, Alexis"]
[Result "1/2-1/2"]
[WhiteElo "2249"]
[BlackElo "2239"]
[Annotator "TA"]
[PlyCount "63"]
[EventDate "2017.??.??"]
[EventCountry "FRA"]
[SourceTitle "playchess.com"]
[Source "ChessBase"]
[SourceQuality "1"]

{[%evp 23,63,14,10,0,10,0,2,-85,-118,-116,-116,-132,-99,-137,-128,-110,-128,-150,-122,-157,-165,-142,-159,-237,-226,-225,-210,-246,-251,-258,-257,-289,-236,-248,-187,-187,-46,-34,-40,-31,-37,-68]} 1. e4 c5 2. Nf3 d6 3. d4 cxd4 4. Nxd4 Nf6 5. Nc3 Nc6 6. Bg5 e6 7. Qd2 Qb6 8. Nb3 Be7 9. f3 O-O 10. O-O-O Rd8 11. h4 a6 12. Kb1 {B63: Sicilian: Richter-Rauzer: 7...Be7 and unusual Black 7th moves} (12. Be3 Qc7 13. Qf2 Nd7 14. g4 b5 15. g5 Nce5 16. Kb1 b4 17. Ne2 a5 18. h5 Nc4 19. Bc1 a4 {0-1 (54) Andriasian,Z (2585)-Mamedov,N (2614) Kavala 2009}) 12... Qc7 {LiveBook: 12 Games} 13. Be3 b5 {[%cal Bb7b5,Bb5b4][%mdl 32]} 14. g4 {The position is equal.} d5 $146 {[#] Threatens to win with ...dxe4.} (14... b4 15. Na4 Rb8 16. Qf2 Nd7 17. Be2 Nce5 18. f4 Nc4 19. Bxc4 Qxc4 {0-1 (41) Munshi,A (1762)-Kokje,J (2093) Crawley 2016}) 15. exd5 (15. Qf2 $11 dxe4 16. Rxd8+ Qxd8 17. Bg2) 15... b4 $17 16. Na4 {Black must now prevent Bb6.} (16. Bf4 $2 e5 17. Ne4 Nxe4 18. fxe4 exf4 $19) 16... Nxd5 17. Bd3 {[#]} Ne5 $1 {[%cal Bc6e5,Be5c4,Bc4b2][%mdl 32]} (17... Nxe3 18. Qxe3 Bb7 19. Nbc5 $11) 18. Qf2 Nxe3 19. Qxe3 Bb7 20. Be4 Nc4 21. Rxd8+ Rxd8 (21... Bxd8 22. Qe2 Bxe4 23. Qxe4 $15) 22. Qe2 Bxe4 23. fxe4 (23. Qxe4 $17 a5 24. Nac5) 23... Qc6 {...Ne5 is the strong threat.} 24. Nac5 Nxb2 ({Not} 24... Bxc5 25. Qxc4 Rc8 26. Rd1 $15 (26. Nxc5 Qxc5 27. Qxc5 Rxc5 $15)) 25. Qxa6 Qxa6 26. Nxa6 Na4 {Strongly threatening ...Ra8.} 27. e5 Nc3+ 28. Kc1 Bxh4 29. Nxb4 Bg3 (29... Bg5+ $19 30. Kb2 Nd1+ 31. Kb1 Ne3) 30. Nd3 $1 $15 {Black is slightly better.} Ne2+ ({Much weaker is} 30... Nxa2+ $6 31. Kb2 $16) 31. Kb2 Nf4 32. Nbc5 1/2-1/2

[Event "FRA-ch Youth 2017"]
[Site "Belfort"]
[Date "2017.04.18"]
[Round "4"]
[White "Viel, Simon"]
[Black "Bournel, Antoine"]
[Result "1/2-1/2"]
[WhiteElo "2220"]
[BlackElo "1933"]
[Annotator "TA"]
[PlyCount "124"]
[EventDate "2017.??.??"]
[EventCountry "FRA"]
[SourceTitle "playchess.com"]
[Source "ChessBase"]
[SourceQuality "1"]

{[%evp 13,124,0,32,25,37,28,28,40,37,29,76,78,134,140,131,31,40,0,0,0,0,-36,-40,-83,10,4,10,8,8,0,5,0,12,12,16,16,13,0,0,6,16,14,17,-8,22,8,30,12,12,3,7,17,22,8,3,20,42,0,54,62,113,38,151,156,131,52,82,120,352,73,60,-62,-18,-126,-117,-79,-110,-109,-115,-91,0,0,47,-84,0,-169,-162,-266,-262,-251,-262,-232,0,0,0,0,0,0,0,-114,-105,-88,0,0,0,0,0,0,0,0,0,0,0]} 1. e4 c5 2. Nf3 g6 3. c3 Bg7 4. d4 cxd4 5. cxd4 d5 6. exd5 Nf6 7. Bb5+ Bd7 8. Bc4 $1 {B27: Sicilian: 2 Nf3, unusual Black 2nd moves} O-O 9. O-O (9. Nc3 Bg4 10. h3 Bxf3 11. Qxf3 Nbd7 12. O-O Nb6 13. Bb3 Ne8 14. Rd1 Nd6 15. Bf4 a5 {½-½ (85) Golubev,M (2527)-Wojtkiewicz,A (2564) playchess.com INT 2004}) 9... b5 10. Bb3 {White has an edge.} Bf5 11. Qe2 a6 12. Nc3 Ra7 $146 (12... b4 $142) (12... b4 13. Na4 Be4 14. Bg5 Ra7 15. Bxf6 Bxf3 16. Qxf3 Bxf6 17. Rad1 {0-1 (48) Roos,L (2357)-Chomet,P (2333) Evry 2008}) 13. Bf4 $16 b4 14. Na4 (14. Nd1 $1 $16) 14... Be4 $14 15. Bxb8 Qxb8 16. Ne5 Qd6 (16... Bxd5 17. Bxd5 Nxd5 18. Nc6 $14 (18. Nc5 Bxe5 19. dxe5 Rc8 $15)) 17. Nc6 Rc7 18. Nc5 Bxd5 ({Black should play} 18... Bxg2 $1 $17 19. Nxa6 (19. Kxg2 Nxd5 20. Qe4 Nf6 $17) 19... Bxf1 20. Rxf1 Rb7) 19. Nxb4 $11 Bxb3 20. axb3 Qxd4 21. Ncxa6 {Hoping for Rfd1.} Rb7 22. Rfd1 Qb6 23. Nd3 e6 24. b4 Nd5 25. Qe4 Ra7 26. Nac5 Rfa8 {[%cal Bf8a8,Ba8a7,Ba7c7][%mdl 32]} 27. Rxa7 Rxa7 28. Qc4 Rc7 29. Rc1 Bh6 30. Rc2 Qa7 31. h3 Qa1+ 32. Kh2 Bf8 33. b5 Bd6+ 34. g3 $1 h5 (34... Qf1 $6 35. b4 $16) 35. Qb3 {White wants to play b6.} Qa7 ({Better is} 35... h4 $11 36. b6 Rc6) 36. Ne4 $36 {[%mdl 2048] White is pushing.} Be7 (36... Qb6 $14) 37. Rc6 (37. Nc3 $1 $16 {[%cal Rc3d5]} Nb6 38. Ne5) 37... Qb7 (37... Rxc6 $1 $14 38. bxc6 h4) 38. Qc4 $1 $16 h4 39. Nc3 (39. gxh4 $16 Bd8 40. Kg1) 39... hxg3+ 40. fxg3 Ne3 $2 (40... Rd7 $16) 41. Qe4 $2 (41. Qf4 $18 Rxc6 42. bxc6 Qxc6 43. Qxe3) 41... Nf5 42. Ne5 (42. Ra6 $1 $14) 42... Bd6 43. b6 (43. Kg2 $1 $11) 43... Bxe5 $1 $17 ({Much weaker is} 43... Re7 $6 44. Rxd6 Nxd6 45. Qb4 $11) 44. bxc7 Bxg3+ 45. Kg2 Bxc7 46. b4 Ne3+ (46... Qb8 $17) 47. Kf3 Nf5 {aiming for ...Qxc6!} 48. b5 (48. Rxe6 $14 {stays ahead.} Qa7 49. Rf6 (49. Nb5 Qa1 50. Re8+ Kh7 $11)) 48... Ba5 ({Black should try} 48... Qb8 $17 49. Ne2 Qd8) 49. Qc4 $2 (49. Rxe6 $1 $11 Qd7 50. Re8+ Kh7 51. Nd5 Qxb5 52. Kg2) 49... Qa7 50. Qc5 (50. Rc8+ {was called for.} Kh7 51. Qc5) 50... Nd4+ $19 51. Kg2 Nxc6 52. Qxc6 Bxc3 $2 (52... Kg7 $19 {Strongly threatening ...Qe3.} 53. h4 Qe3) 53. Qxc3 {[%mdl 4096] Endgame KQ-KQ} Qa2+ 54. Kg3 Qd5 55. Qc6 {Threatens to win with Qxd5.} Qd3+ 56. Kf4 {[#]} (56. Kf2 $11 {keeps the balance.}) 56... Qd4+ $1 $17 ({But not} 56... Qxh3 57. b6 $11) 57. Kf3 {[#]} Qd3+ (57... e5 $1 $17) 58. Kf2 $11 {The position is equal.} Qd2+ 59. Kg3 Qe3+ 60. Kg2 Qe2+ 61. Kg1 Qe1+ 62. Kh2 Qe5+ 1/2-1/2

[Event "FRA-ch Youth 2017"]
[Site "Belfort"]
[Date "2017.04.18"]
[Round "4"]
[White "Harutyunyan, Ruben"]
[Black "Maache, Jawad"]
[Result "1/2-1/2"]
[WhiteElo "2218"]
[BlackElo "2119"]
[Annotator "TA"]
[PlyCount "59"]
[EventDate "2017.??.??"]
[EventCountry "FRA"]
[SourceTitle "playchess.com"]
[Source "ChessBase"]
[SourceQuality "1"]

{[%evp 21,59,-11,-1,-12,-8,-14,-19,-15,-22,-19,-11,-58,-51,-66,-37,-31,-28,-46,-35,-38,-36,-74,-15,-60,-33,-30,-39,-32,-40,-70,-75,-88,-86,-89,-74,-134,-90,-90,-71,-114]} 1. d4 d5 2. c4 e6 3. Nf3 c6 4. e3 Nf6 5. Nc3 Nbd7 6. Be2 dxc4 7. Bxc4 b5 8. Bd3 a6 9. O-O c5 10. Qe2 Bb7 11. Rd1 Qb8 12. h3 {D48: Semi-Slav: Meran System: 7...b5 8 Bd3 a6} Bd6 (12... Be7 13. b3 O-O 14. Bb2 cxd4 15. Nxd4 Ne5 16. Bc2 Bc5 17. Rac1 Rd8 18. Bb1 Bxd4 19. Rxd4 Rxd4 20. exd4 {0-1 (40) Ikonnikov,V (2550)-Van Wely,L (2689) Spijkenisse 2011}) 13. dxc5 Nxc5 14. Bc2 {The position is equal.} O-O 15. b4 Ncd7 16. Rb1 $146 (16. a3 Rc8 17. Bb2 Ne5 18. Nd2 Nd5 19. Nde4 Nxc3 20. Nxc3 {1-0 (60) Arabidze,M (2379)-Geldyeva,M (2220) Doha 2016}) 16... Rc8 17. Rb3 Ne5 18. Nxe5 Bxe5 19. Bb2 Qc7 20. f4 Bd6 21. Rd2 Be7 (21... Qe7 $17 22. a3 Rd8) 22. Nd1 Ne4 23. Bxe4 Bxe4 24. Nf2 Bd5 25. Rc3 Bc4 26. Qg4 {[#] Rxc4! is the strong threat.} f5 27. Qd1 {And now Rd7 would win.} Rd8 ({Of course not} 27... Bxb4 $6 28. Rd7 Bxc3 29. Rxc7 (29. Bxc3 Be2 30. Rxc7 Bxd1 31. Rxg7+ Kf8 32. Rxh7 Be2 $15) 29... Bxb2 30. Rxc8+ Rxc8 31. Qd6 $14) 28. a3 (28. Nd3 $142) 28... Rxd2 29. Qxd2 Rd8 30. Qc1 1/2-1/2

[Event "FRA-ch Youth 2017"]
[Site "Belfort"]
[Date "2017.04.18"]
[Round "4"]
[White "Coiffait, Pierre-Basile"]
[Black "Burri, Quentin"]
[Result "1/2-1/2"]
[WhiteElo "2193"]
[BlackElo "2372"]
[Annotator "TA"]
[PlyCount "80"]
[EventDate "2017.??.??"]
[EventCountry "FRA"]
[SourceTitle "playchess.com"]
[Source "ChessBase"]
[SourceQuality "1"]

{[%evp 12,80,31,16,28,14,20,6,16,7,16,12,42,23,25,12,18,11,24,-1,0,0,18,22,28,0,47,-155,-153,-142,-84,-83,-74,-74,-74,-74,-66,-74,-67,-59,-56,-64,-59,-59,-59,-59,-59,-59,-63,-66,-32,-62,-42,-32,-16,-131,-69,-69,-55,-54,-38,-43,-43,-32,-20,-54,-36,-43,0,-5,0]} 1. d4 d5 2. c4 c6 3. cxd5 cxd5 4. Bf4 Nc6 5. e3 a6 6. Nc3 Nf6 7. Be2 e6 {D10: Slav Defence: 3 cxd5 (without early Nf3) and 3 Nc3} 8. Bd3 Be7 9. Rc1 Bd7 $146 (9... O-O 10. h3 h6 11. Nf3 Bd6 12. O-O Bxf4 13. exf4 Qd6 14. Qd2 b6 15. Bb1 {½-½ (24) Svidler,P (2746)-Le,Q (2702) Tromsoe 2013}) 10. h3 O-O 11. Nf3 b5 12. O-O Qb6 13. Ne5 Rfc8 14. Qf3 Be8 15. Ne2 Nxe5 16. dxe5 {Bg5 is the strong threat.} Ne4 17. Bxe4 dxe4 18. Qg4 b4 {White must now prevent ...h5!} 19. Bh6 $2 (19. Ng3 $14 {stays ahead.}) 19... Bf8 $17 20. Nd4 {[#]} Qb7 ({Better is} 20... Qa5 $1 21. b3 Qxe5) 21. Bf4 Qd5 22. b3 Rc3 23. Rcd1 Qb7 24. Rd2 a5 25. Rfd1 a4 26. h4 axb3 27. axb3 Kh8 28. h5 h6 29. Bg3 Rac8 30. Bh4 Rc1 31. Qf4 Kg8 32. g4 R1c5 33. Qh2 {[#]} (33. Kh2 $1 $11) 33... Qc7 ({Black should try} 33... Qd5 $1 $17 34. Kg2 Qxe5 35. Qxe5 Rxe5) 34. Bg3 $15 Rc1 35. Bf4 Qc3 36. Kg2 Qa1 37. Qh1 Be7 38. Qe1 Rxd1 39. Rxd1 Qc3 40. Qf1 Qc5 1/2-1/2

[Event "FRA-ch Youth 2017"]
[Site "Belfort"]
[Date "2017.04.18"]
[Round "4"]
[White "Roque, Gaetan"]
[Black "Eugene, Floryan"]
[Result "0-1"]
[WhiteElo "2174"]
[BlackElo "2271"]
[Annotator "TA"]
[PlyCount "152"]
[EventDate "2017.??.??"]
[EventCountry "FRA"]
[SourceTitle "playchess.com"]
[Source "ChessBase"]
[SourceQuality "1"]

{[%evp 19,152,45,37,16,23,-9,9,24,15,0,31,0,0,-55,-22,-17,0,0,7,-16,-17,-19,0,-6,0,0,0,-8,0,0,0,-12,0,-11,0,0,0,-10,0,0,0,-3,0,-4,-3,-10,-18,-120,-60,-114,-118,-120,-117,-120,-117,-115,-116,-119,-108,-120,-93,-101,-99,-96,-93,-95,-93,-102,-93,-93,-86,-86,-86,-119,-112,-113,-119,-118,-111,-132,-115,-127,-96,-96,-96,-106,-94,-96,-44,-61,-8,-8,-8,-8,-8,-8,-8,-8,-8,-21,-23,-16,-16,-246,-80,-184,-185,-483,-502,-477,-161,-541,-537,-520,-520,-502,-468,-418,-129,-4149,-4149,-29973,-29972,-29971,-5322,-5322,-5062,-4145,-4145,-29977,-4145,-11859,-4145,-4145,-4137]} 1. d4 Nf6 2. c4 g6 3. Nc3 Bg7 4. Nf3 O-O 5. Bg5 d6 6. e3 Nbd7 7. Be2 c6 8. Qc2 a6 9. O-O h6 {E61: King's Indian: Early deviations for White, including Smyslov System} 10. Bh4 b5 {LiveBook: 14 Games} 11. cxb5 $146 (11. a4 b4 12. Nb1 c5 13. d5 Qe8 14. Nbd2 e5 15. Bd3 a5 16. b3 Nh7 17. e4 Ndf6 18. Bxf6 Bxf6 {0-1 (52) Vakhidov,J (2472)-Rakhmanov,A (2610) Dubai 2014}) 11... cxb5 {The position is equal.} 12. b4 Bb7 13. a4 bxa4 14. Rxa4 Qb6 15. Rb1 Rfc8 16. b5 (16. Qb3 $11) 16... axb5 17. Rxb5 (17. Bxb5 $2 Rxa4 18. Nxa4 Rxc2 $19) 17... Qc6 18. Rc4 Qa6 19. Qb1 Rxc4 20. Bxc4 Rc8 21. Rc5 Qa8 22. Rxc8+ Qxc8 23. Qb3 d5 24. Bd3 Ba6 25. Bb1 Qc6 26. h3 Bc4 27. Qb4 Bf8 $36 {[%mdl 2048] White is under pressure.} 28. Qb2 Qa6 29. Nd2 Bd3 30. Qa2 Qxa2 31. Bxa2 e6 32. Nf3 Bb4 33. Na4 (33. Bb1 $11 {remains equal.}) 33... Ne4 (33... g5 $1 $17 34. Bg3 Bc2) 34. Bd8 {[#]} (34. Bb3 $15) 34... Bc2 $1 $17 {[%cal Rc2a4]} 35. Nc5 Ndxc5 36. dxc5 Bxc5 37. Ne1 Ba4 {...Nc3 is the strong threat.} 38. Bb1 Nc3 39. Bd3 Bb5 40. Ba5 Bxd3 41. Nxd3 {[%mdl 4096] Endgame KBN-KBN} Ne4 42. Kf1 Bd6 43. Ke2 Kf8 44. g4 Ke7 45. f3 Nc5 46. Nf2 Nb3 47. Bc3 e5 48. Kd3 Nc5+ 49. Kc2 Ke6 50. e4 d4 51. Bd2 h5 52. Nd3 Na6 53. Kb3 Kd7 (53... hxg4 $17 54. hxg4 f6) 54. Kc4 $15 Kc6 ({Black should try} 54... hxg4 $15 55. hxg4 Ke6) 55. f4 $11 f6 56. f5 gxf5 57. exf5 ({But not} 57. gxh5 $2 fxe4 58. h6 Bf8 $19) 57... hxg4 58. hxg4 Nc7 59. g5 fxg5 60. Bxg5 Nd5 {And now ...Nb6+ would win.} 61. f6 $2 (61. Kb3 $1 $11) 61... Nb6+ $19 62. Kb3 {[#]} Kd5 $1 63. Nf2 $2 (63. Bd2) 63... Nd7 64. Kc2 Nc5 $2 (64... e4 {Threatens to win with ...Ne5.} 65. Nh3 Ke6) 65. Kd2 $2 (65. Bh6 {was the crucial defense.}) 65... Ke6 66. Ke2 Kf5 67. Bh4 e4 68. f7 Ke6 $2 (68... Kf4 $19 {Hoping for ...d3+.} 69. Nd1 Nd7) 69. Nxe4 $2 {[%mdl 8192]} (69. Bg3 $17 Bf8 70. Bb8) 69... Nxe4 70. Kd3 Kd5 ({Worse is} 70... Kxf7 71. Kxe4 (71. Kxd4 Bh2 $11) 71... Bh2 72. Kxd4 $11) 71. Be1 Nc5+ (71... Bf8 $142 72. Bh4 Nc5+ 73. Ke2 Ke6 74. Bg5 Kxf7 75. Kf3 d3 76. Bf4 Ke6 77. Bc7 Bh6 78. Ba5 Nb3 79. Be1 Kd5 80. Kf2 d2 81. Bxd2 Nxd2 82. Kg3 Ke5 83. Kg2 Kf4 84. Kf2 Ke4 85. Kg2 Nf3 86. Kh3 Bf4 87. Kg2 Ke3 88. Kf1 Nh4 89. Kg1 Kf3 90. Kh1 Bg3 91. Kg1 Bf4 92. Kh1 Ng2 93. Kg1 Nh4) 72. Ke2 Kc4 73. Bd2 Bf8 74. Bf4 Ne4 (74... Ne6 $142 75. Bb8 d3+ 76. Ke1 Ng5 77. Bf4 Nxf7 78. Bc7 Bd6 79. Bb6 Bg3+ 80. Kf1 Kb3 81. Ba5 Ne5 82. Kg2 Nc4 83. Bd8 d2 84. Kxg3 d1=Q 85. Bg5 Qe1+ 86. Kf3 Ne5+ 87. Kf4 Nf7 88. Bh6 Qe5+ 89. Kg4 Nxh6+ 90. Kf3 Qd4 91. Kg2 Qf4 92. Kg1 Qf3 93. Kh2 Nf5 94. Kg1 Ne3 95. Kh2 Qg2#) 75. Be5 d3+ 76. Kd1 Nd6 0-1

[Event "FRA-ch Youth 2017"]
[Site "Belfort"]
[Date "2017.04.18"]
[Round "4"]
[White "Caloone, Thomas"]
[Black "Kambrath, Yannick"]
[Result "0-1"]
[WhiteElo "2149"]
[BlackElo "2341"]
[Annotator "TA"]
[PlyCount "110"]
[EventDate "2017.??.??"]
[EventCountry "FRA"]
[SourceTitle "playchess.com"]
[Source "ChessBase"]
[SourceQuality "1"]

{[%evp 15,110,1,4,-8,0,0,0,-33,-25,-12,-35,-26,14,0,41,26,38,29,21,21,123,123,110,67,75,25,27,-146,-144,-139,-140,-143,-139,-124,-134,-158,-158,-158,-160,-158,-158,-163,-158,-168,-164,-158,-166,-283,-288,-271,-248,-284,-268,-375,-370,-371,-371,-370,-359,-393,-395,-439,-437,-435,-432,-497,-440,-579,-552,-623,-613,-702,-694,-772,-664,-572,-514,-871,-869,-803,-799,-700,-625,-1281,-1282,-772,-1213,-29971,-8434,-29969,-29972,-29972,-29973,-29982,-29983,-29981,-29978]} 1. e4 c5 2. Nf3 d6 3. Bc4 Nf6 4. d3 Nc6 5. c3 g6 6. O-O Bg7 7. h3 O-O 8. Bb3 b5 {LiveBook: 50 Games. B50: Sicilian: 2...d6, Miscellaneous} (8... b6 9. Re1 Bb7 10. d4 e5 11. dxc5 dxc5 12. Qe2 Qc7 13. Bg5 Na5 14. Bc2 c4 15. Nbd2 h6 16. Bxf6 Bxf6 {1-0 (81) Gharamian,T (2654)-Muzychuk,A (2549) Cap d'Agde 2015}) 9. Bf4 $146 (9. a3 a5 10. Re1 a4 11. Bc2 Nd7 12. Nbd2 Nb6 13. Nf1 e5 14. Ne3 Be6 15. Bd2 Na5 16. Qe2 {1-0 (39) Yudasin,L (2517)-Fishbein,A (2481) chess.com INT 2017}) 9... a5 10. a4 b4 {The position is equal.} 11. Bc4 d5 12. Bb5 Na7 13. e5 Ne8 14. Be3 $36 {[%mdl 2048] White has the initiative.} Qc7 15. Qd2 Bb7 16. d4 cxd4 17. Bxd4 (17. cxd4 Nxb5 18. axb5 Qb6 $15) 17... Nxb5 (17... Qb8 $11) 18. axb5 $16 b3 19. Ra4 Qd7 20. Qd3 Nc7 21. Nbd2 $2 {[#]} (21. Na3 $11) 21... Ba6 $1 $17 {[%cal Ra6b5]} ({Worse is} 21... Nxb5 22. e6 fxe6 23. Bxg7 Kxg7 24. Nxb3 $14) ({And not} 21... Qxb5 22. Qxb5 Nxb5 23. Rfa1 $11 (23. Nxb3 Nxd4 24. Nbxd4 Ra6 $11)) 22. Rxa5 Bxb5 23. Rxb5 Qxb5 24. Qxb5 Nxb5 25. Nxb3 Ra2 26. Rb1 Nxd4 27. Nbxd4 Rfa8 28. Nc2 f6 29. e6 f5 {aiming for ...Bxc3!} 30. Nb4 Ra1 31. Rxa1 (31. Rf1 {only move.}) 31... Rxa1+ $19 {[%mdl 4096] Endgame KRB-KNN} 32. Kh2 Rd1 33. Kg3 Kf8 34. Nc6 Rb1 35. Nb4 Rxb2 36. Nxd5 Rc2 37. Ne1 Re2 38. Nd3 Rxe6 39. c4 Rd6 40. N3b4 e6 41. Ne3 Bd4 42. Kf3 Bc5 43. Nbc2 Rd2 44. Ne1 Ke7 45. g4 Kd6 46. gxf5 (46. N1g2 $142) 46... gxf5 47. N1g2 Bxe3 48. Nxe3 {KR-KN} Ke5 49. h4 h5 50. c5 Rd3 51. c6 Rc3 (51... f4 $142 52. Ke2 Rc3 53. Nf1 Rxc6 54. Kd3 Rc1 55. Nd2 Kd5 56. f3 Rd1 57. Kc3 Rxd2 58. Kxd2 Kd4 59. Ke2 Kc3 60. Kf2 Kd2 61. Kf1 Ke3 62. Ke1 e5 63. Kd1 Kxf3 64. Kd2 e4 65. Kc3 Ke3 66. Kc2 f3 67. Kb3 f2 68. Kc4 f1=Q+ 69. Kd5 Kf4 70. Kd6 Qa6+ 71. Kd7 e3 72. Ke8 e2 73. Kf7 e1=Q 74. Kf8 Qh6+ 75. Kg8 Qe8#) 52. Kg2 Rxc6 {Black mates.} 53. Nf1 Kf4 54. Kh3 Kf3 55. Ng3 Rc1 0-1

[Event "FRA-ch Youth 2017"]
[Site "Belfort"]
[Date "2017.04.18"]
[Round "4"]
[White "Bacrot, Alexandre"]
[Black "Ciccoli, Theo"]
[Result "1-0"]
[WhiteElo "2143"]
[BlackElo "2014"]
[Annotator "TA"]
[PlyCount "53"]
[EventDate "2017.??.??"]
[EventCountry "FRA"]
[SourceTitle "playchess.com"]
[Source "ChessBase"]
[SourceQuality "1"]

{[%evp 16,53,11,14,50,53,125,131,125,135,129,127,131,139,128,128,135,120,137,137,141,119,247,208,186,125,264,260,440,237,492,457,533,531,518,520,29994,1527,29996,1591]} 1. e4 c5 2. Nf3 d6 3. Nc3 Nf6 4. e5 dxe5 5. Nxe5 Nbd7 6. d4 {B50: Sicilian: 2...d6, Miscellaneous} e6 (6... Nxe5 7. dxe5 Qxd1+ 8. Kxd1 Ng4 9. Bb5+ Bd7 10. e6 Bxb5 11. Nxb5 O-O-O+ 12. Ke2 a6 13. Nc3 fxe6 {1-0 (41) Mamedov,R (2688)-Li,C (2720) Doha 2016}) 7. Bb5 a6 8. Bxd7+ Nxd7 9. Qf3 {[%csl Ge5][%cal Rf3f7] LiveBook: 4 Games} Qf6 10. Bf4 $1 cxd4 ({Black should play} 10... Qf5 $14) 11. Ne4 $1 $16 {[%cal Re4f6]} Qf5 12. Nc4 Qd5 13. Ncd6+ $1 Bxd6 14. Nxd6+ Ke7 $146 15. Qxd5 exd5 16. O-O-O {Rhe1+ is the strong threat.} Nc5 17. Rhe1+ Be6 18. Rxd4 Kd7 (18... g5 $16 {is a better defense.}) 19. b4 Na4 20. Nxb7 (20. c4 $1 $18 {[%cal Rc4d5]} Nb6 21. c5 (21. Nxb7 Nxc4 22. Nc5+ Kc6 $18)) 20... Kc6 (20... Rhc8 $16 21. Be5 f6) 21. Na5+ $18 Kb5 $2 (21... Kb6 {keeps fighting.} 22. c4 Rhd8 23. c5+ Kb5) 22. Re5 (22. Bc7 $142 {Hoping for c4+!} Rhc8 23. c4+ $1 {[%mdl 512]} Kxb4 24. cxd5+ Kb5 25. d6 (25. dxe6 Rxc7+ 26. Kd2 Kxa5 $11) 25... Rxc7+ 26. dxc7 Kxa5 27. Rxe6 $1 {[%mdl 512]} fxe6 28. Rd8) 22... Nc3 $2 (22... Rhc8 23. Rdxd5+ Bxd5 24. Rxd5+ Kxb4) 23. Bd2 Rhc8 24. Kb2 Nd1+ 25. Kb3 Nxf2 (25... Kb6 $18 26. Be1 Re8 27. Rxd1 f6) 26. Be3 (26. Rdxd5+ $142 Kb6 {[#]} 27. Rxe6+ $1 {[%mdl 512]} Ka7 28. Rd7+ Rc7 29. Rxc7+ Kb8 30. Rb7+ Kc8 31. Re8#) 26... Ng4 27. Rxg4 (27. Rdxd5+ $142 Rc5 28. Rxe6 fxe6 29. Bxc5 exd5 30. a4#) 1-0